El desarrollo Económico de Costa Rica. Estudio No. 2 Sector industrial de la economía costarricense con un modelo global del sistema económico /
El documento consiste en el número 2 de la serie Economía y Estadística Número 11, del Proyecto de Investigación del Desarrollo Económico de Costa Rica, de la Universidad de Costa Rica. En este número se analiza el sector industrial de la economía costarricense.
Guardat en:
| Autor corporatiu: | |
|---|---|
| Format: | Text |
| Idioma: | Spanish |
| Publicat: |
Costa Rica:
Universidad de Costa Rica
1959
|
| Col·lecció: | Serie Economía y Estadística
|
| Matèries: | |
| Etiquetes: |
Afegir etiqueta
Sense etiquetes, Sigues el primer a etiquetar aquest registre!
|
MARC
| LEADER | 00000 a a2200000 04500 | ||
|---|---|---|---|
| 001 | 43916 | ||
| 003 | cru CIDCACS/IIS | ||
| 005 | 20230530062546.0 | ||
| 008 | 230529e1959 cr ||||| |||| 00| 0 spa d | ||
| 020 | |a Sin ISBN | ||
| 024 | |c CRAI/IIS | ||
| 040 | |c CRAI/IIS | ||
| 090 | |a 03.02.01 U58d N.2 | ||
| 110 | |a Universidad de Costa Rica. Escuela de Ciencias Económicas y Sociales. Departamento de Investigaciones. Proyecto de Investigación | ||
| 245 | |a El desarrollo Económico de Costa Rica. Estudio No. 2 |b Sector industrial de la economía costarricense con un modelo global del sistema económico / |c Universidad de Costa Rica. Escuela de Ciencias Económicas y Sociales. Departamento de Investigaciones. Proyecto de Investigación | ||
| 260 | |a Costa Rica: |b Universidad de Costa Rica |c 1959 | ||
| 300 | |a 119 páginas | ||
| 440 | |a Serie Economía y Estadística |n No.6 |9 11366 | ||
| 505 | |a Proyecto de Investigación del Desarrollo Económico de Costa Rica | ||
| 520 | |a El documento consiste en el número 2 de la serie Economía y Estadística Número 11, del Proyecto de Investigación del Desarrollo Económico de Costa Rica, de la Universidad de Costa Rica. En este número se analiza el sector industrial de la economía costarricense. | ||
| 650 | |a SECTOR PUBLICO | ||
| 650 | 0 | |a ECONOMIA |9 143 | |
| 650 | |a RECURSOS HUMANOS | ||
| 650 | |a GASTOS PUBLICOS | ||
| 650 | |a DEUDA | ||
| 650 | |a COSTA RICA | ||
| 942 | |2 ddc |c LITG |h 03.02.01 U58d N.2 |i 13160 |6 030201_U58D_N2_13160 | ||
| 999 | |c 44994 |d 44994 | ||
